000 00920nam a2200289 i 4500
003 EG-GICUC
005 20260121101409.0
008 251201b1966 -uk||||fr|||| 001 0 eng d
040 _aEG-GiCUC
_beng
_cEG-GiCUC
_dEG-GiCUC
_erda
041 0 _aeng
082 0 4 _221
_a338.82
_bRO . M
092 0 4 _221
099 _aLaw1 13 338.82 RO . M 1966
100 1 _aRobinson , E. A. G
_eAuthor.
245 1 0 _aMonopoly /
_cE. A. G. Robinson, F.b.a.
264 1 _aDigswell Place :
_bJames Nisbet & Co. Ltd,
_c1966.
300 _a298 pages ;
_c24 cm.
336 _2rda content
_atext
337 _2rda media
_aComputer
338 _2rda carrier
_aOnline Resource
504 _aIncludes bibliographical references and index.
546 _aText in English
650 1 4 _aPublic finance and tax legislation
856 4 0 _uhttps://fll.law.cu.edu.eg/fulltext/bks/B13-08257.pdf
905 _a48
_eHassnaa
942 _2ddc
_cBK
_e21
_n0
999 _c47521
_d47521